| 000 | 00718nam a2200229 a 4500 | ||
|---|---|---|---|
| 999 |
_c4178 _d4178 |
||
| 001 | 4178 | ||
| 003 | BD-JhCC | ||
| 005 | 20171125102044.0 | ||
| 008 | 171123s2009 b a|||| |||| 001 0 en d | ||
| 020 | _a984702120014 | ||
| 020 | _a9847021200108 | ||
| 035 | _a(BD-JhCC) | ||
| 040 |
_aBD-JhCC _dBD-JhCC |
||
| 041 | _aben | ||
| 082 |
_a891.4487103 _bSAY 2009 |
||
| 100 | _aসৈয়দ, মান্নান আবদুল | ||
| 245 |
_aডায়েরি : ১৯৭৮-২০০৮ / _cআবদুল মান্নান সৈয়দ |
||
| 260 |
_aঢাকা : _bপাঠক সমাবেশ, _c২০০৯ |
||
| 300 |
_a345 p. : _bill. ; _c20cm. |
||
| 650 | _aAuthors ,Bengali | ||
| 942 |
_2ddc _cBK |
||